000 00383nam a22001457a 4500
020 _qPB.
040 _cFIZZA ISHAQ
082 _a6211.11821
_bSUB
100 _aROY,SUBRATA.
_991635
245 _aFUNDAMENTAL OF STRUCTURAL ANALYSIS WITH COMPUTER ANALYSIS APPLICATIONS /
_cSUBRATA ROY.
250 _a2nd ED.
260 _aS.CHAND ;
_c2016.
300 _a1014 P. ;
942 _2ddc
_cBK
999 _c589766
_d589766